000 01094cam a22003014a 4500
999 _c8542
_d8542
001 12435333
003 GZU
005 20210520125418.0
008 010608s2002 mau b 001 0 eng
010 _a 2001036281
020 _a0745614906
020 _a0745614914 (pbk.)
040 _aDLC
_cDLC
_dDLC
042 _apcc
050 0 0 _aHQ1240 RAI 2002
_b.R35 2002
082 0 0 _a305.3
_221
100 1 _aRai, Shirin.
245 1 0 _aGender and the political economy of development :
_bfrom nationalism to globalization /
_cShirin M. Rai.
260 _aMalden, Mass. :
_bPolity Press,
_c2002.
300 _aviii, 264 p. ;
_c24 cm.
500 _aIncludes bibliography
504 _aIncludes bibliographical references (p. [217]-252) and index.
650 0 _aWomen in development.
650 0 _aEconomic development
_xSocial aspects.
906 _a7
_bcbc
_corignew
_d1
_eocip
_f20
_gy-gencatlg
942 _2lcc
_cBK
_h1240
_iRAI
_kHQ